zpět

Detail výsledku týmu

Základna, Jihlava

Datum a čas kvízu

30.5 Celkem bodů Celkový počet nahraných bodů na tomto kvízu bez doplňovacích otázek.
3. Pořadí na kvízu Konečné umístění týmu na tomto kvízu.

Zaznamenané odpovědi

# Otázka Odpověď Body Výsledky
1. "Po ___ společných letech plný... třiceti 0
2. Záplavy minulý týden velmi ztí... Dubaj 1
3. Česká televize zveřejnila jmén... Chili 1
4. Abstraktní obraz Conception/Da... František Kupka 1
5. Americké atletky nebyly při př... Nike 1
6. Bolívie má, stejně jako několi... Sucre; La Paz 0.5
7. Které evropské hlavní město se... Oslo 0
8. Nyní vám dáme na výběr, zda si... Windhoek; Manila 0
9. Které malebné a nepříliš lidna... Lublaň 0
10. Kazachstán drží rekord v přejm... Astana; Nur-Sultan 0